| 000 | 00587nam a2200181Ia 4500 | ||
|---|---|---|---|
| 003 | GCL | ||
| 008 | 140319s9999 xx 000 0 ara d | ||
| 040 |
_aGCL / _cGCL |
||
| 082 | 0 | 4 |
_aم _b920.71 _bا ح |
| 100 | 1 | _aاحمد بيلى | |
| 245 | 1 | 0 |
_aحياة صلاح الدين الايوبى / _cاحمد بيلى |
| 260 |
_a[S.N] : _bدار الكتب المصرية |
||
| 300 | _a208 ص | ||
| 490 |
_aشكاوى المصرى الفصيح _v0 |
||
| 650 | 0 | 4 | _aالدولة الايوبية فى مصر والشام |
| 650 | 0 | 4 | _aصلاح الدين الايوبى |
| 942 |
_2ddc _cREF |
||
| 999 |
_c59292 _d59292 |
||